טוען...
A broken man
| מחבר ראשי: | |
|---|---|
| פורמט: | Printed Book |
| יצא לאור: |
Srishti publishers, New Delhi
2016
|
| נושאים: |
| LEADER | 00401nam a2200157 4500 | ||
|---|---|---|---|
| 082 | |||
| 100 | |a Verma, Akash | ||
| 245 | |a A broken man |c Verma, Akash | ||
| 250 | |||
| 260 | |a Srishti publishers, New Delhi |c 2016 | ||
| 300 | |||
| 490 | |||
| 650 | |a English essays collections--Literature | ||
| 942 | |c BK | ||
| 999 | |c 192562 |d 192562 | ||
| 952 | |0 0 |1 0 |4 0 |7 0 |9 205911 |a ISL |b ISL |l 0 |p ISL06175 |r 2019-10-28 |w 2019-10-28 |y BK | ||